000
00320nam a2200097Ia 4500
001
1290435
005
20260417164515.0
008
260417s9999 xx 000 0 und d
245
0
_a
KAHRAMAN TÜRK DENİZCİLERİ GEMİLERİ İLK KEZ KARADAN YÜRÜTEN REİS UMUR BEY
_c
İSMAİL BİLGİN
260
_b
TİMAŞ ÇOCUK YAYINLARI
999
_c
1290435
_d
1290435